LEADER 01187nam0-2200397---450- 001 990004111320403321 005 20110308130810.0 035 $a000411132 035 $aFED01000411132 035 $a(Aleph)000411132FED01 035 $a000411132 100 $a19990604d1968----km-y0itay50------ba 101 0 $aita$cfre 102 $aIT 105 $ay-------001yy 200 1 $a<>genesi del numero nel bambino$fJean Piaget, Alina Szeminska 210 $aFirenze$cLa Nuova Italia$d© 1968 215 $aXIV, 388 p.$d20 cm 225 1 $aProblemi di psicologia$v15 454 0$12001$a<>genèse du nombre chez l'enfant$d1941$917274 610 0 $aFanciulli$aConcetto di numero 676 $a153.15$v20$zita 676 $a155.4 700 1$aPiaget,$bJean$f<1896-1980>$024722 701 1$aSzeminska,$bAlina$049825 801 0$aIT$bUNINA$gREICAT$2UNIMARC 901 $aBK 912 $a990004111320403321 952 $aP.1 PSV 450$bIST.PED. 889$fFLFBC 952 $aP.1 PSV 450 BIS$bIST.FIL.T.2162$fNAP03 952 $aXI G P 13(17)$fDFD 959 $aFLFBC 959 $aNAP03 959 $aDFD 996 $aGenèse du nombre chez l'enfant$917274 997 $aUNINA LEADER 00980nam a2200253 a 4500 001 991001954729707536 008 861114s2002 it 001 0bita d 020 $a880451101X 035 $ab13453555-39ule_inst 040 $aDip. Fil. Ling. e Lett. 100 1 $aZipes, Jack$0192521 245 10$aOltre il giardino :$b l'inquietante successo della lettratura per l'infanzia da Pinocchio a Harry Potter /$cJack Zipes ; a cura di Francesca Lazzarato 260 $aMilano :$bMondadori ;$cc2002 300 $a235 p. ;$c23 cm 440 0$aInfanzie 504 $aInclude bibliografia e indice dei nomi 650 4$aPotter, Harry 700 1 $aLazzarato, Francesca 907 $a.b13453555$b14-11-06$c14-11-06 912 $a991001954729707536 945 $aLE008 LLI O XII 54$g1$i2008000116491$lle008$nPerrone$o-$pE13.00$q-$rl$s- $t0$u8$v1$w8$x0$y.i14317424$z14-11-06 996 $aOltre il giardino$91099003 997 $aUNISALENTO 998 $ale008$b14-11-06$cm$da $e-$fita$git $h0$i0 LEADER 04002nam 22006855 450 001 9910999689003321 005 20250422130231.0 010 $a3-031-81904-7 024 7 $a10.1007/978-3-031-81904-9 035 $a(CKB)38537855400041 035 $a(DE-He213)978-3-031-81904-9 035 $a(MiAaPQ)EBC32019073 035 $a(Au-PeEL)EBL32019073 035 $a(EXLCZ)9938537855400041 100 $a20250422d2025 u| 0 101 0 $aeng 135 $aur||||||||||| 181 $ctxt$2rdacontent 182 $cc$2rdamedia 183 $acr$2rdacarrier 200 10$aAgricultural and Industrial Applications /$fedited by Stefanie Grüttner, Krisztina Kollath-Leiß, Frank Kempken 205 $a1st ed. 2025. 210 1$aCham :$cSpringer Nature Switzerland :$cImprint: Springer,$d2025. 215 $a1 online resource (XV, 158 p. 36 illus., 24 illus. in color.) 225 1 $aThe Mycota, A Comprehensive Treatise on Fungi as Experimental Systems for Basic and Applied Research,$x2945-8056 ;$v16 311 08$a3-031-81903-9 327 $aChapter 1. Industrial Production by Filamentous Fungi: Organic Acids and Vitamins -- Chapter 2. Industrial Applications of Marine Fungi -- Chapter 3. Fungal Spoilage of Crops and Food -- Chapter 4. Ergot Alkaloids -- Chapter 5. Ectomycorrhizae for the Rescue: Ectomycorrhizosphere Signaling in Agroforestry and Afforestation -- Chapter 6. Your Death, My Life: Understanding the Success Story of Necrotrophic Plant Pathogenic Ascomycota -- Chapter 7. Dance Between Environment and Fungal Pathogens in the Rhythm of Climate Change. 330 $aThis volume provides an overview of the current state of the art in agricultural and industrial mycology. It highlights the importance and potential of fungi in these fields. Several topics relate to the critical and ambiguous role of fungi in agriculture, including beneficial and pathogenic fungal-plant interactions and food spoilage caused by mycotoxins. In addition, this volume provides a fascinating insight into ergot alkaloids. The impact of climate change on the occurrence of pathogenic fungi is also discussed. Fungi play an important role in a wide range of industrial processes, including the fermentation of food and beverages and the biotechnological production of metabolites and enzymes. A number of specific applications are discussed in this volume, such as the production of vitamins and enzymes from marine fungi. In addition to mycologists working in industry, agriculture and academia, the book will be of interest to students of biotechnology, microbiology and mycology. Chapter 3 is available open access under a Creative Commons Attribution 4.0 International License via link.springer.com. 410 0$aThe Mycota, A Comprehensive Treatise on Fungi as Experimental Systems for Basic and Applied Research,$x2945-8056 ;$v16 606 $aFungi 606 $aMycology 606 $aMicrobiology 606 $aIndustrial microbiology 606 $aFood$xMicrobiology 606 $aAgricultural biotechnology 606 $aFungi 606 $aIndustrial Microbiology 606 $aFood Microbiology 606 $aAgricultural Biotechnology 615 0$aFungi. 615 0$aMycology. 615 0$aMicrobiology. 615 0$aIndustrial microbiology. 615 0$aFood$xMicrobiology. 615 0$aAgricultural biotechnology. 615 14$aFungi. 615 24$aIndustrial Microbiology. 615 24$aFood Microbiology. 615 24$aAgricultural Biotechnology. 676 $a579.5 702 $aGru?ttner$b Stefanie$4edt$4http://id.loc.gov/vocabulary/relators/edt 702 $aKollath-Leiss$b Krisztina$4edt$4http://id.loc.gov/vocabulary/relators/edt 702 $aKempken$b Frank$4edt$4http://id.loc.gov/vocabulary/relators/edt 801 0$bMiAaPQ 801 1$bMiAaPQ 801 2$bMiAaPQ 906 $aBOOK 912 $a9910999689003321 996 $aAgricultural and Industrial Applications$94375926 997 $aUNINA